Billie Eilish - Happier Than Ever Lyrics - Statistics

General Stats
  • This quiz has been taken 541 times
    364 since last reset
  • The average score is 247 of 305
Answer Stats
Answer % Correct
a
100%
I
100%
you
99%
You
99%
ever
97%
happier
97%
I'm
97%
be
96%
than
96%
When
96%
when
96%
do
95%
Do
95%
me
95%
to
95%
in
94%
my
94%
the
94%
was
94%
could
93%
from
93%
it
92%
on
92%
so
92%
your
92%
away
91%
wish
89%
an
88%
better
88%
Don't
87%
don't
87%
or
87%
Or
87%
about
86%
true
86%
wasn't
86%
were
85%
and
84%
'cause
84%
what
82%
explain
81%
tell
81%
call
80%
made
80%
that
80%
drunk
79%
fucking
79%
internet
79%
never
79%
said
79%
shit
79%
way?
79%
again
78%
but
78%
of
78%
talk
78%
give
77%
two
77%
day
76%
I'd
76%
myself
76%
this
76%
bad
75%
city
75%
think
75%
under
75%
any
74%
hate
74%
letter
74%
write
74%
anything
73%
driving
73%
friends
73%
influence
73%
relate
73%
Benz
72%
'em
72%
home
72%
listen
72%
something
72%
told
72%
anyone
71%
death
71%
did
71%
make
71%
no
71%
scared
71%
up
71%
every
69%
shitty
69%
breath
68%
only
68%
sad
68%
treat
68%
even
67%
everything
67%
read
67%
clever
66%
have
66%
wasting
66%
embarrassing
65%
interviews?
64%
all
63%
knew
63%
shit's
63%
time
63%
asked
62%
avenue?
62%
cool
62%
skip
62%
telling
62%
feel
60%
opposite
60%
say
60%
try
60%
waste
60%
passing
59%
you'd
59%
know
58%
through
58%
afraid
56%
if
56%
isn't
56%
more
56%
end
55%
really
55%
showed
55%
fair
54%
miserable
54%
empty
53%
aware
51%
clearly
51%
wanna
51%
Just
50%
line
50%
alone
49%
weren't
49%
leave
48%
for
47%
good
46%
own
45%
always
44%
kid
43%
ruined
42%
misunderstood
41%
moments
41%
mother
40%
mind
38%
out
37%
shut
36%
paid
35%
No matching quizzes found
Score Distribution
Percent of People with Each Score
Percentile by Number Answered
Your Score History
You have not taken this quiz since the last reset